| 000 | 00771nam a22001817a 4500 | ||
|---|---|---|---|
| 999 |
_c7585 _d7585 |
||
| 008 | 211221b ||||| |||| 00| 0 eng d | ||
| 020 | _a9788409335206 | ||
| 040 |
_aCDMR _c0 |
||
| 100 |
_94692 _aSantillán Buelna, José Ramón |
||
| 245 |
_aPerfil del corresponsal mexicano en España _c/ José Ramón Santillán Buelna, Patricia Maldonado Pérez ; [Prólogo de Diego Gómez Pickering] |
||
| 260 |
_aBarcelona: _bObservatorio de México en España, _c2021 |
||
| 300 |
_a50 pàgines; _c22 cm |
||
| 490 |
_aInforme de investigación; _v4 |
||
| 650 | 0 |
_92802 _aCorresponsals estrangers _zMèxic |
|
| 700 |
_94792 _aMaldonado Pérez, Patricia |
||
| 856 |
_uhttps://www.obsmex.com/_files/ugd/ef79d6_0de4ae63e28f4c81925fb74417bd7334.pdf _zAccés lliure |
||
| 942 |
_2udc _cFULLET |
||